| 000 | 00370nam a2200133Ia 4500 | ||
|---|---|---|---|
| 008 | 220217s9999||||xx |||||||||||||| ||und|| | ||
| 020 | _a978-81-265-1675-9 | ||
| 082 | _a005.13 CAU | ||
| 100 | _aCauldwell, Patrick and Hanselman, Scott | ||
| 245 | 0 | _aCode leader | |
| 260 |
_aWiley india/ Wrox _bNew Delhi _c2008 |
||
| 300 | _b299 | ||
| 650 | _aPROGRAMMING LANGUAGE | ||
| 999 |
_c177140 _d177140 |
||